000
00245nam a22001097a 4500
082
_a
621.388 LEM'T
100
_a
LEMONS, WAYNE
_9
44508
245
_a
TV SERVICING MADE EASY
260
_a
USA
_b
HOWARD W. SAMS
_c
1975
300
_a
160P
942
_c
BK
999
_c
567780
_d
567780